[Event "Jakarta op"]
[Site "Jakarta"]
[Date "2024.01.20"]
[Round "4"]
[White "Supriyanto, Tommy"]
[Black "Zata, Dirayati Adani"]
[Result "1-0"]
[WhiteElo "1983"]
[BlackElo "1527"]
[PlyCount "77"]
[EventDate "2024.01.19"]
[EventType "swiss"]
[EventRounds "7"]
[EventCountry "INA"]
[SourceTitle "CB06_2024"]
[SourceDate "2024.02.07"]
[SourceVersion "1"]
[SourceVersionDate "2024.02.07"]
[SourceQuality "1"]

1. e4 c5 2. Nc3 Nc6 3. Bb5 d6 4. Bxc6+ bxc6 5. d3 g6 6. f4 Bg7 7. Nf3 Nf6 8. 0-0 0-0 9. Qe1 Rb8 10. Rb1 Qc7 11. b3 Rd8 12. Na4 Nh5 13. h3 Nf6 14. c4 e6 15. Qh4 Re8 16. Bb2 Nd7 17. f5 Qd8 18. fxg6 Qxh4 19. gxf7+ Kxf7 20. Nxh4+ Kg8 21. Nf3 h6 22. e5 d5 23. Rbc1 a6 24. Rfe1 Bf8 25. Ba3 d4 26. Re4 Be7 27. Rf1 Kh7 28. Nh2 h5 29. g4 h4 30. Nf3 Nb6 31. Nxc5 Nd7 32. Nxd7 Bxd7 33. Bxe7 Rxe7 34. Rxd4 a5 35. c5 Rb5 36. Rc1 Rb8 37. Nxh4 Rd8 38. Rf1 Rg8 39. Kg2 1-0

[Event "Jakarta Tunas Jaya I"]
[Site "Jakarta"]
[Date "2018.07.14"]
[Round "9.7"]
[White "Ramadhana Jativa, Garry"]
[Black "Supriyanto, Tommy"]
[Result "1/2-1/2"]
[WhiteElo "2012"]
[BlackElo "2093"]
[PlyCount "93"]
[EventDate "2018.07.11"]
[EventType "swiss"]
[EventRounds "9"]
[EventCountry "INA"]
[SourceTitle "EXT 2024"]
[Source "ChessBase"]
[SourceDate "2023.10.10"]
[SourceVersion "1"]
[SourceVersionDate "2023.10.10"]
[SourceQuality "1"]

1. e4 c5 2. Nf3 g6 3. d4 Bg7 4. dxc5 Qa5+ 5. c3 Qxc5 6. Be3 Qc7 7. Nbd2 Nc6 8. Be2 Nf6 9. Nd4 d5 10. Bf3 Ne5 11. exd5 0-0 12. 0-0 Nxf3+ 13. Qxf3 Bg4 14. d6 Qd7 15. Qg3 Qxd6 16. Qxd6 exd6 17. c4 d5 18. h3 Bd7 19. c5 Ne4 20. Nxe4 dxe4 21. Rfd1 f5 22. g3 f4 23. Bxf4 Bxh3 24. Rac1 Bg4 25. Rd2 Rad8 26. Be3 Rd5 27. Nf3 Rh5 28. Nh2 Be6 29. Rd6 Re8 30. c6 bxc6 31. Rcxc6 Kf7 32. Rc7+ Re7 33. Rxe7+ Kxe7 34. Ra6 Bxb2 35. Rxa7+ Bd7 36. a4 Bc3 37. Rc7 Ba5 38. Rc4 Re5 39. Bf4 Re6 40. Nf1 Bc6 41. Nd2 Bxd2 42. Bxd2 Kd7 43. Bf4 Rf6 44. Rd4+ Kc8 45. Rd6 Rxd6 46. Bxd6 Bxa4 47. Bc5 1/2-1/2

[Event "Jakarta op"]
[Site "Jakarta"]
[Date "2018.07.02"]
[Round "7"]
[White "Supriyanto, Tommy"]
[Black "Nyimas, Sonya Nafa"]
[Result "1-0"]
[WhiteElo "2093"]
[BlackElo "1804"]
[PlyCount "39"]
[EventDate "2018.06.29"]
[EventType "swiss"]
[EventRounds "9"]
[EventCountry "INA"]
[SourceTitle "CBM 185 Extra"]
[Source "ChessBase"]
[SourceDate "2018.07.29"]
[SourceVersion "1"]
[SourceVersionDate "2018.07.29"]
[SourceQuality "1"]

1. e4 c5 2. Nc3 Nc6 3. Bb5 g6 4. Bxc6 bxc6 5. d3 Bg7 6. f4 d6 7. Nf3 Nf6 8. 0-0 0-0 9. Qe1 Ba6 10. Rb1 Rb8 11. Kh1 Nd7 12. Bd2 Nb6 13. f5 Nd7 14. Qh4 e6 15. Bg5 Bf6 16. b3 Re8 17. fxg6 fxg6 18. e5 Bxg5 19. Nxg5 Nf8 20. Rxf8+ 1-0

[Event "Jakarta op"]
[Site "Jakarta"]
[Date "2018.06.30"]
[Round "3"]
[White "Hartono"]
[Black "Supriyanto, Tommy"]
[Result "0-1"]
[WhiteElo "2150"]
[BlackElo "2093"]
[PlyCount "49"]
[EventDate "2018.06.29"]
[EventType "swiss"]
[EventRounds "9"]
[EventCountry "INA"]
[SourceTitle "CBM 185 Extra"]
[Source "ChessBase"]
[SourceDate "2018.07.29"]
[SourceVersion "1"]
[SourceVersionDate "2018.07.29"]
[SourceQuality "1"]

1. e4 d6 2. Nc3 c5 3. g3 Nc6 4. Bg2 g6 5. d3 Bg7 6. Be3 e5 7. h3 Be6 8. Qd2 Qd7 9. f4 Nge7 10. Nd5 Bxd5 11. exd5 Nb4 12. fxe5 Bxe5 13. Ne2 Nbxd5 14. 0-0 Nxe3 15. Qxe3 0-0 16. c3 Rab8 17. Rf3 b5 18. d4 cxd4 19. cxd4 Bg7 20. Raf1 Rbc8 21. R1f2 Rc4 22. g4 Nc6 23. Kh1 Nxd4 24. Rxf7 Rxf7 25. Bd5 0-1

[Event "Singapore op"]
[Site "Singapore"]
[Date "2004.12.15"]
[Round "7"]
[White "Supriyanto, Tommy"]
[Black "Shen, Siyuan"]
[Result "0-1"]
[WhiteElo "2190"]
[BlackElo "2129"]
[PlyCount "42"]
[EventDate "2004.12.11"]
[EventType "swiss"]
[EventRounds "9"]
[EventCountry "SIN"]
[SourceTitle "CBM 103 Extra"]
[Source "ChessBase"]
[SourceDate "2005.01.01"]
[SourceVersion "1"]
[SourceVersionDate "2005.01.01"]
[SourceQuality "1"]

1. e4 d5 2. exd5 Nf6 3. d4 Nxd5 4. c4 Nb6 5. c5 Nd5 6. Nc3 Nc6 7. Bb5 a6 8. Ba4 Nxc3 9. bxc3 Qd5 10. Qf3 Be6 11. Qg3 0-0-0 12. Ne2 Qe4 13. f3 Qd3 14. Bd2 Bc4 15. Qh3+ Be6 16. Qh4 Ne5 17. Nf4 Rxd4 18. cxd4 Qxd4 19. Qh5 Qxa1+ 20. Kf2 Qd4+ 21. Be3 Qb2+ 0-1

[Event "Asia Cities-ch 13th"]
[Site "Aden"]
[Date "2002.02.13"]
[Round "8"]
[White "Supriyanto, Tommy"]
[Black "Iuldachev, Saidali"]
[Result "0-1"]
[WhiteElo "2250"]
[BlackElo "2525"]
[PlyCount "68"]
[EventDate "2002.02.07"]
[EventType "team-swiss"]
[EventRounds "9"]
[EventCountry "YEM"]
[SourceTitle "EXT 2020"]
[Source "ChessBase"]
[SourceDate "2019.10.17"]
[SourceVersion "1"]
[SourceVersionDate "2019.10.17"]
[SourceQuality "1"]
[WhiteTeam "Jakarta"]
[BlackTeam "Namangan"]
[WhiteTeamCountry "INA"]
[BlackTeamCountry "UZB"]

1. e4 e5 2. Nf3 Nc6 3. Nc3 Nf6 4. g3 d5 5. exd5 Nxd5 6. Bg2 Nde7 7. 0-0 g6 8. d3 Bg7 9. Bd2 0-0 10. Qc1 Nf5 11. Re1 Nfd4 12. Nxd4 Nxd4 13. h3 c6 14. Kh2 Be6 15. Ne2 Nf5 16. Ng1 Qb6 17. Rf1 Rfe8 18. Nf3 Bd5 19. c4 Bxf3 20. Bxf3 Rad8 21. Be4 Nd4 22. Be3 Qc7 23. Re1 f5 24. Bg2 Ne6 25. Qc2 f4 26. Bd2 Nd4 27. Qa4 Qb6 28. b4 Nf3+ 29. Bxf3 Qxf2+ 30. Bg2 Qxg3+ 31. Kh1 f3 32. Bf1 e4 33. Qxa7 f2 34. Bg2 Be5 0-1

[Event "World Cities"]
[Site "Jakarta "]
[Date "1997.??.??"]
[Round "6"]
[White "Barus, Cerdas"]
[Black "Supriyanto, Tommy"]
[Result "1-0"]
[WhiteElo "2445"]
[BlackElo "2360"]
[PlyCount "42"]
[EventDate "1997.07.08"]
[EventType "swiss"]
[EventRounds "10"]
[EventCountry "INA"]
[SourceTitle "CBM 058 Extra"]
[Source "ChessBase"]
[SourceDate "1997.07.29"]
[SourceVersion "1"]
[SourceVersionDate "1997.07.29"]
[SourceQuality "1"]

1. d4 Nf6 2. c4 g6 3. Nc3 d5 4. Nf3 Bg7 5. cxd5 Nxd5 6. e4 Nxc3 7. bxc3 c5 8. Rb1 0-0 9. Be2 b6 10. 0-0 Bb7 11. Qd3 Ba6 12. Qe3 Qd7 13. Bxa6 Nxa6 14. Qe2 Qb7 15. h4 h5 16. Bf4 Rac8 17. Rfd1 cxd4 18. cxd4 Rc3 19. Be5 Rfc8 20. Bxg7 Kxg7 21. Ng5 e6 1-0

[Event "World Cities"]
[Site "Jakarta "]
[Date "1997.??.??"]
[Round "4"]
[White "Supriyanto, Tommy"]
[Black "Novikov, Igor A"]
[Result "1/2-1/2"]
[WhiteElo "2360"]
[BlackElo "2590"]
[PlyCount "66"]
[EventDate "1997.07.08"]
[EventType "swiss"]
[EventRounds "10"]
[EventCountry "INA"]
[SourceTitle "CBM 058 Extra"]
[Source "ChessBase"]
[SourceDate "1997.07.29"]
[SourceVersion "1"]
[SourceVersionDate "1997.07.29"]
[SourceQuality "1"]

1. e4 c5 2. b3 d6 3. Bb2 e6 4. Nf3 Nf6 5. Nc3 Be7 6. d4 cxd4 7. Nxd4 0-0 8. Bd3 a6 9. a4 b6 10. 0-0 Bb7 11. f4 Nbd7 12. Qf3 Nc5 13. Rae1 d5 14. e5 Nfe4 15. f5 Nxd3 16. cxd3 Bc5 17. Nce2 Nd2 18. Qg4 exf5 19. Rxf5 Nxb3 20. Kh1 Nxd4 21. Nxd4 Bxd4 22. Bxd4 Qe7 23. e6 fxe6 24. Rxe6 Qc7 25. h4 Rxf5 26. Qxf5 Qc1+ 27. Kh2 Rf8 28. Qe5 Qf4+ 29. g3 Qxe5 30. Rxe5 b5 31. Re7 Rf7 32. Re8+ Rf8 33. Re7 Rf7 1/2-1/2

[Event "World Cities"]
[Site "Jakarta "]
[Date "1997.??.??"]
[Round "8"]
[White "Supriyanto, Tommy"]
[Black "Reilly, Tim"]
[Result "0-1"]
[WhiteElo "2360"]
[BlackElo "2330"]
[PlyCount "78"]
[EventDate "1997.07.08"]
[EventType "swiss"]
[EventRounds "10"]
[EventCountry "INA"]
[SourceTitle "CBM 058 Extra"]
[Source "ChessBase"]
[SourceDate "1997.07.29"]
[SourceVersion "1"]
[SourceVersionDate "1997.07.29"]
[SourceQuality "1"]

1. e4 d6 2. d4 Nf6 3. Nc3 g6 4. Nf3 Bg7 5. Be2 0-0 6. 0-0 Bg4 7. Be3 Nc6 8. Qd2 Re8 9. Rad1 a6 10. a4 e5 11. dxe5 dxe5 12. Qc1 Qe7 13. Bg5 Bxf3 14. Bxf3 Nd4 15. Rd3 c6 16. Re1 Qb4 17. Bd2 Qc5 18. Bd1 Qc4 19. Nb1 Qxa4 20. c3 Qc4 21. Rh3 Ne6 22. Na3 Qc5 23. b4 Qe7 24. Nc4 Qc7 25. Bh6 Bh8 26. Bb3 c5 27. Qb1 b5 28. Ne3 c4 29. Bd1 Nf4 30. Rh4 Nd3 31. Rf1 Qc6 32. Bf3 a5 33. bxa5 Rxa5 34. Nd5 Nxd5 35. exd5 Qd6 36. g3 f5 37. Bg2 e4 38. Be3 Bxc3 39. f3 exf3 0-1